| 000 -LEADER |
| fixed length control field |
00831nam a2200229Ia 4500 |
| 001 - CONTROL NUMBER |
| control field |
600 |
| 003 - CONTROL NUMBER IDENTIFIER |
| control field |
GE_BSU |
| 008 - FIXED-LENGTH DATA ELEMENTS--GENERAL INFORMATION |
| fixed length control field |
181216s||||||||xx |||||||||||||| ||und|| |
| 020 ## - INTERNATIONAL STANDARD BOOK NUMBER |
| International Standard Book Number |
9994023845 |
| 040 ## - CATALOGING SOURCE |
| Transcribing agency |
GE_BSU |
| 080 ## - UNIVERSAL DECIMAL CLASSIFICATION NUMBER |
| Universal Decimal Classification number |
33 |
| 245 ## - TITLE STATEMENT |
| Title |
თავისუფლება და საკუთრება.წ.III. |
| 245 ## - TITLE STATEMENT |
| Remainder of title |
თავისუფლების ბიბლიოთეკა. ახალი ეკონომიკური სკოლა-საქართველო |
| 245 ## - TITLE STATEMENT |
| Statement of responsibility, etc. |
მთ.რედ. პაატა შეშელიძე |
| 260 ## - PUBLICATION, DISTRIBUTION, ETC. |
| Place of publication, distribution, etc. |
თბილისი |
| 260 ## - PUBLICATION, DISTRIBUTION, ETC. |
| Name of publisher, distributor, etc. |
ენა და კულტურა |
| 260 ## - PUBLICATION, DISTRIBUTION, ETC. |
| Date of publication, distribution, etc. |
2005 |
| 300 ## - PHYSICAL DESCRIPTION |
| Extent |
160გვ. |
| 653 ## - INDEX TERM--UNCONTROLLED |
| Uncontrolled term |
თავისუფლება და საკუთრება |
| 942 ## - ADDED ENTRY ELEMENTS (KOHA) |
| Koha item type |
წიგნი |